| 000 | 00711cam a2200193 a 4500 | ||
|---|---|---|---|
| 020 | _a2717851038 | ||
| 040 | _cDLC | ||
| 082 | _a331 ECO 2006 A068 Co. | ||
| 245 | 0 | 3 |
_aLe développement face à la pauvreté : _bréseau Analyse Économique et Développement / |
| 260 |
_aParis : _bEconomica, _c2006. |
||
| 300 |
_a346 p. : _bill. ; _c24 cm. |
||
| 500 | _aCommunications présentées aux sixièmes journées scientifiques du réseau "Analyse Économique et Développement", de l'Agence universitaire de la francophonie ... Marrakech, mars 2004--P. [1]. | ||
| 650 | 0 | _aPoverty | |
| 650 | 0 | _aEquality | |
| 700 | 1 | _aMourji, Fouzi. | |
| 700 | 1 | _aDecaluwé, Bernard. | |
| 700 | 1 | _aPlane, Patrick. | |
| 942 | _cFB | ||
| 999 |
_c15028 _d15028 |
||